000
00305nam a2200097Ia 4500
001
725631
005
20250826163413.0
008
250824s9999 xx 000 0 und d
245
0
_a
DÜNYA EDEBİYATINDAN SEÇMELER HENRY ESMOND III
_c
Yazar Adı Belirtilmemiş
260
_b
MİLLİ EĞİTİM BAKANLIĞI YAYINLARI
999
_c
725631
_d
725631